¿Qué es la escuela secundaria para sus jóvenes? un estudio socio-hermenéutico sobre sentidos situados en disímiles condiciones de vida y escolaridad.

Bibliographic Details
Main Author: D'Aloisio, Florencia
Corporate Author: JSTOR (Organization)
Format: eBook
Language:Spanish
Published: Córdoba : Universidad Nacional de Córdoba., 2020.
Subjects:
Online Access:Connect to the full text of this electronic book

MARC

Tag First Indicator Second Indicator Subfields
LEADER 00000cam a2200000Mu 4500
001 in00004635653
006 m o d
007 cr |||||||||||
008 211204s2020 xx o ||| 0 spa d
005 20230103223520.9
035 |a (OCoLC)on1287133550 
040 |a EBLCP  |b eng  |c EBLCP  |d JSTOR  |d OCLCF 
020 |a 9789871751648  |q (electronic bk.) 
020 |a 9871751648  |q (electronic bk.) 
035 |a (OCoLC)1287133550 
037 |a 22573/ctv31tzq1s  |b JSTOR 
050 4 |a LA547 
082 0 4 |a 372.982  |2 23/eng/20221202 
049 |a TXAM 
100 1 |a D'Aloisio, Florencia. 
245 1 0 |a ¿Qué es la escuela secundaria para sus jóvenes?  |b un estudio socio-hermenéutico sobre sentidos situados en disímiles condiciones de vida y escolaridad. 
260 |a Córdoba :  |b Universidad Nacional de Córdoba.,  |c 2020. 
300 |a 1 online resource (254 p.) 
336 |a text  |b txt  |2 rdacontent 
337 |a computer  |b c  |2 rdamedia 
338 |a online resource  |b cr  |2 rdacarrier 
500 |a Description based upon print version of record. 
650 0 |a Education, Secondary  |z Argentina. 
650 0 |a High schools  |z Argentina. 
650 7 |a Education, Secondary.  |2 fast  |0 (OCoLC)fst00903252 
650 7 |a High schools.  |2 fast  |0 (OCoLC)fst00956288 
651 7 |a Argentina.  |2 fast  |0 (OCoLC)fst01205614 
655 7 |a Electronic books.  |2 local 
710 2 |a JSTOR (Organization) 
776 0 8 |i Print version:  |a D'Aloisio, Florencia  |t ¿Qué es la escuela secundaria para sus jóvenes?  |d Córdoba : Universidad Nacional de Córdoba.,c2020 
856 4 0 |u https://www.jstor.org/stable/10.2307/j.ctv31vqpht  |z Connect to the full text of this electronic book  |t 0 
955 |a JSTOR Open Access ebooks 
994 |a 92  |b TXA 
999 f f |s 35739577-f560-45d7-92d3-8b3b8b4fd9d6  |i 077ab029-ddcb-4681-84c3-c44645f0234e  |t 0 
952 f f |a Texas A&M University  |b College Station  |c Electronic Resources  |d Available Online  |t 0  |e LA547   |h Library of Congress classification 
998 f f |a LA547   |t 0  |l Available Online